000 00623 a2200181 4500
020 _a1846280214
020 _a9781846280214
040 _aDLC
_bDLC
082 0 0 _a004
100 1 _aMills, Bruce,
245 1 0 _aTheoretical introduction to programming
_cBruce Mills.
260 _aLondon :
_bSpringer,
_cc2006.
300 _axi, 358 p. :
_bill. ;
_c24 cm.
650 0 _aComputer programming.
856 4 2 _3Publisher description
_uhttp://www.loc.gov/catdir/enhancements/fy0663/2005926335-d.html
856 4 2 _3Table of contents only
_uhttp://www.loc.gov/catdir/enhancements/fy0824/2005926335-t.html
942 _cBK
_k004 MIL
_2ddc
999 _c5490
_d5490